000 01271nam a2200253Ia 4500
999 _c50331
_d50331
001 17272
003 GE_BSU
005 20221024143442.0
008 181216s2012ge xx |||||||||||||| ||geo||
020 _a9789941451584
040 _cGE_BSU
041 _ageo
080 _a69 ჩ-59
100 _aჩინგი, ფ. დ.კ. (ფრანსის დ.კ.)
_915483
245 _aშენობა- ნაგებობების კოდექსები. ილუსტრირებული :
_bშენობა- ნაგებობების 2012 წლის საერთაშორისო კოდექსის ილუსტრირებული გზამკვლევი /
_cფრანსის დ.კ. ჩინგი, სტივენ რ. უინკელი.
250 _aმე-4 გამოცემა
264 _aთბილისი :
_bსაუნჯე,
_c2012.
300 _a434 გვ.:
_bილ. ;
_c27 სმ.
504 _aბიბლიოგრ.: გვ. 415.
653 _aმშენებლობა
653 _aშენობა- ნაგებობების კოდექსები
700 _aუინკელი, სტივენ რ
_915484
942 _cBK
_2udc